00333nam a2200109Ia 4500008004100000082000800041100002900049245002900078942000600107952009500113999001500208240331s9999 xx 000 0 und d bPUT aShanmugasundaram, S . ed 0aPuthuvai naattuppurviyal cL 001040708LaWERCLbWERCLcSSCd2024-03-31l0o 398 PUTp2952r2024-03-31w2024-03-31yL c3646d3646